University Home | Library Home | Institutional Repository

Introduction to statistics : (Record no. 71618)

MARC details
000 -LEADER
fixed length control field 00517cam0a220019300 4500
001 - CONTROL NUMBER
control field tmp15845873
003 - CONTROL NUMBER IDENTIFIER
control field UPRA
005 - DATE AND TIME OF LATEST TRANSACTION
control field 20190815113048.0
008 - FIXED-LENGTH DATA ELEMENTS--GENERAL INFORMATION
fixed length control field 951106s1976 xx eng u
035 ## - SYSTEM CONTROL NUMBER
System control number (Sirsi) r36206
035 ## - SYSTEM CONTROL NUMBER
System control number (UPRA)tmp15845873
040 ## - CATALOGING SOURCE
Transcribing agency UPRA
100 1# - MAIN ENTRY--PERSONAL NAME
Personal name Noether, Gottfried Emmanuel.
Linkage A98710.1
245 10 - TITLE STATEMENT
Title Introduction to statistics :
Remainder of title a nonparametric approach.
250 ## - EDITION STATEMENT
Edition statement 2nd ed.
260 ## - PUBLICATION, DISTRIBUTION, ETC.
Date of publication, distribution, etc. 1976.
949 ## - LOCAL PROCESSING INFORMATION (OCLC)
a HA29
w lcc
i -42749
m MAIN
p 5000
t BOOK
l ON-SHELF

No items available.

© 2026 - The University of Zambia Library - Koha v25.11